[Event "GRE-chT 43rd"]
[Site "Porto Rio"]
[Date "2015.10.11"]
[Round "6.10"]
[White "Kiriakidis, Anastasios P"]
[Black "Tzemanakis, Nikolaos"]
[Result "0-1"]
[WhiteElo "1379"]
[BlackElo "1432"]
[PlyCount "98"]
[EventDate "2015.10.08"]
[EventType "team-swiss"]
[EventRounds "7"]
[EventCountry "GRE"]
[SourceTitle "CBM 168 Extra"]
[Source "ChessBase"]
[SourceDate "2015.10.29"]
[SourceVersion "1"]
[SourceVersionDate "2015.10.29"]
[SourceQuality "1"]
[WhiteTeam "Kavalas OFS"]
[BlackTeam "Chania Kydon"]
[WhiteTeamCountry "GRE"]
[BlackTeamCountry "GRE"]

1. e4 d6 2. Nc3 g6 3. d4 Bg7 4. Nf3 e6 5. Bc4 Ne7 6. 0-0 0-0 7. Bf4 c6 8. Qd2 Re8 9. Rfd1 d5 10. Bb3 Nd7 11. Qe3 b6 12. Ng5 Nf6 13. Qd3 Nh5 14. Bc1 h6 15. Nf3 dxe4 16. Nxe4 Nd5 17. c4 Ba6 18. Qc2 Nc7 19. Be3 Kh7 20. Qd2 Bb7 21. c5 Re7 22. Qc1 b5 23. Re1 Ne8 24. Qd2 Nhf6 25. Nxf6+ Nxf6 26. Rad1 a5 27. Bc2 Nd5 28. Ne5 Nxe3 29. Qxe3 Qc7 30. Nf3 Rd8 31. Rd2 Red7 32. Red1 b4 33. b3 Ba6 34. Bd3 Bxd3 35. Rxd3 Rd5 36. Qd2 Qd7 37. Qe3 e5 38. Rc1 exd4 39. Qd2 Qe7 40. Re1 Qxc5 41. Rc1 Qd6 42. Qc2 c5 43. Nd2 Re8 44. Nc4 Qe7 45. Nd2 Qe2 46. Rd1 h5 47. Qc4 Qxd1+ 48. Nf1 Qe2 49. Qxd5 Qxd3 0-1

[Event "GRE-chT 43rd"]
[Site "Porto Rio"]
[Date "2015.10.08"]
[Round "2.13"]
[White "Kiriakidis, Anastasios P"]
[Black "Stefanou, Dimitrios"]
[Result "1-0"]
[WhiteElo "1379"]
[BlackElo "1268"]
[PlyCount "87"]
[EventDate "2015.10.08"]
[EventType "team-swiss"]
[EventRounds "7"]
[EventCountry "GRE"]
[SourceTitle "CBM 168 Extra"]
[Source "ChessBase"]
[SourceDate "2015.10.29"]
[SourceVersion "1"]
[SourceVersionDate "2015.10.29"]
[SourceQuality "1"]
[WhiteTeam "Kavalas OFS"]
[BlackTeam "Patron Sailing"]
[WhiteTeamCountry "GRE"]
[BlackTeamCountry "GRE"]

1. e4 e5 2. Nf3 Nc6 3. Bb5 a6 4. Ba4 Nf6 5. d3 d6 6. 0-0 Be7 7. Re1 0-0 8. c3 b5 9. Bc2 Bg4 10. h3 Bh5 11. Nbd2 Qd7 12. Nf1 Nd8 13. Ng3 Bg6 14. d4 exd4 15. cxd4 Ne6 16. Nh4 c5 17. d5 Nd4 18. Bb1 b4 19. a4 bxa3 20. bxa3 Rab8 21. Ba2 Ne8 22. Nf3 Bf6 23. Rb1 Rxb1 24. Bxb1 Nc7 25. Be3 Ncb5 26. Nxd4 Bxd4 27. Qd3 f5 28. exf5 Bf7 29. a4 Nc7 30. Bxd4 cxd4 31. Qxd4 Bxd5 32. Be4 Bxe4 33. Nxe4 Re8 34. Re3 d5 35. Ng3 Rxe3 36. fxe3 Qd6 37. Kf2 Qa3 38. Qg4 Qa2+ 39. Kf3 Qc4 40. Qd4 Na8 41. Qe5 Nc7 42. Nh5 Qf1+ 43. Kg3 Qe1+ 44. Kh2 1-0